American educational theory.

Bibliographic Details
Main Author: Brauner, Charles J.
Format: Book
Language:English
Published: Englewood Cliffs, N.J. : Prentice-Hall, [1964]
Subjects:

MARC

Tag First Indicator Second Indicator Subfields
LEADER 00000cam a2200000 4500
001 in00000068442
005 20151008052007.0
008 740102s1964 nju b 00000 eng u
010 |a  64012855  
035 |a (OCoLC)00769257 
035 |9 AAH1118AM 
040 |c CSU  |d TXA  |d UtOrBLW 
049 |a TXAM  |c [404151] 
050 0 |a LB2165  |b .B72 
082 0 |a 370.10973 
092 |a 370.1  |b B825a, 1964 
100 1 |a Brauner, Charles J. 
245 1 0 |a American educational theory. 
264 1 |a Englewood Cliffs, N.J. :  |b Prentice-Hall,  |c [1964] 
300 |a ix, 341 :  |b diagrams ;  |c 24cm. 
336 |a text  |b txt  |2 rdacontent 
337 |a unmediated  |b n  |2 rdamedia 
338 |a volume  |b nc  |2 rdacarrier 
500 |a Previous edition published as part 1 of The evolution of American educational theory. 
504 |a Bibliography: pages [323]-332. 
650 0 |a Education  |x Philosophy. 
999 |a MARS 
999 f f |s c1821b65-9412-31f0-a1bf-b7c1ebf015d0  |i e6066c0f-785d-3da5-8fcb-4058e82f2a44  |t 0 
952 f f |p normal  |a Texas A&M University  |b College Station  |c Sterling C. Evans Library  |d Evans: Library Stacks  |t 0  |e LB2165 .B72  |h Library of Congress classification  |i unmediated -- volume  |m A14800817878 
998 f f |a LB2165 .B72  |t 0  |l Evans: Library Stacks